| 000 | 00472nam a2200169Ia 4500 | ||
|---|---|---|---|
| 003 | GCL | ||
| 008 | 140319s9999 xx 000 0 ara d | ||
| 040 |
_aGCL / _cGCL |
||
| 082 | 0 | 4 |
_aق _b726.1 _bح ا |
| 245 | 1 | 0 | _aالاثار الفاطمية بين تونس والقاهرة |
| 300 | _a64 ص | ||
| 490 |
_aكتاب _v0 |
||
| 650 | 0 | 4 | _aالدولة الاسلامية |
| 650 | 0 | 4 | _aالمساجد - تصميم |
| 650 | 0 | 4 | _aالفن الاسلامى |
| 942 |
_2ddc _cBK |
||
| 999 |
_c43104 _d43104 |
||